Normas de ventilación

Сохранить в:
Библиографические подробности
Главный автор: Rapso Brenes, Luis Arturo
Формат:
Опубликовано: San José, Costa Rica 1989
Предметы:
Метки: Добавить метку
Нет меток, Требуется 1-ая метка записи!

MARC

LEADER 00000nam a2200000Ia 4500
003 005235
005 20221231144327.0
008 140114s1989 cr a m 000 ||s d
040 |c cru CEDI 
090 |a TFG 2490 
100 |a Rapso Brenes, Luis Arturo  |9 12721 
245 |a Normas de ventilación  
260 |c 1989  |a San José, Costa Rica 
300 |a  xi, 197 hojas : ilustraciones ; 28 cm  
500 |a  Proyecto de graduación (licenciatura en ingeniería mecánica)--Universidad de Costa Rica. Facultad de Ingeniería. Escuela de Ingeniería Mecánica 
650 |x VENTILACION - NORMAS  |9 12317 
942 |c TFG 
999 |c 20220  |d 20220